00722nam a2200229Ia 4500003000400000005001700004008004100021020002200062040000700084041000800091082002100099100003000120245003700150260004100187300001600228365001700244650002000261906003500281942001200316999001900328952014500347OSt20230424112617.0210423s2018 xx 000 0 und d a978-1-259-92165-0 cAL aeng a575.1 223bBROG aBROOKER (Robert J)991958 aGenetics:analysis and principles aNew YorkbMcGrawhill Educationc2018 axiv,759bPB b5994.43cGBP aGenetics991959 aGenetics:analysis ; principles 2ddccBK c170102d170102 001040708BTaSACPGbSACPGd2019-05-31eVidyarthi Booksg5994.43l4o575.1 BROGpPG016604r2025-11-04 12:49:55s2025-10-23w2021-04-26yBK